书目信息 |
| 题名: |
高级品质管制
|
|
| 作者: | 吴玉印 编著 | |
| 分册: | ||
| 出版信息: |
|
|
| 页数: | 305页 | |
| 开本: | 20cm | |
| 丛书名: | ||
| 单 册: | ||
| 中图分类: | F421.4 | |
| 科图分类: | ||
| 主题词: | 工业经济--中国 | |
| 电子资源: | ||
| ISBN: | ||
| 000 | 00431nam0 2200157 450 | |
| 001 | 0659438218 | |
| 005 | 20061028163146.29 | |
| 100 | @a20061028d km y0chiy0120 ea | |
| 101 | 0 | @achi |
| 200 | 1 | @a高级品质管制@Agao ji pin zhi guan zhi@f吴玉印编著@Fwu yu yin bian zhu |
| 215 | @a305页@d20cm | |
| 606 | 0 | @a工业经济@x中国 |
| 690 | @aF421.4@v3 | |
| 701 | 0 | @a吴玉印@Awu yu yin@4编著 |
| 801 | 0 | @aCN@bPFT@c20061028 |
| 905 | @a10447@dF421.4@e20 | |
| 高级品质管制/吴玉印编著 |
| 305页;20cm |
| ISBN : |
| ● |
| 相关链接 |
|
|
|
|
正题名:高级品质管制
索取号:F421.4/20
 
预约/预借
| 序号 | 登录号 | 条形码 | 馆藏地/架位号 | 状态 | 备注 |
| 1 | 0107757 | 000209090 | 第一样本阅览室/ [索取号:F421.4/20] | 在馆 |